Most Common Languages on the Internet - Statistics

General Stats
  • This quiz has been taken 1,372 times
  • The average score is 16 of 20
Answer Stats
% Language % Correct
55.8 English
100%
4.6 Spanish
99%
3.0 Chinese
97%
4.0 French
96%
6.1 German
95%
5.0 Japanese
93%
5.9 Russian
93%
1.8 Italian
90%
0.8 Arabic
89%
2.3 Portuguese
84%
0.5 Korean
81%
1.3 Dutch
77%
1.7 Polish
74%
0.6 Swedish
72%
1.4 Turkish
67%
0.8 Persian
56%
0.4 Vietnamese
54%
0.4 Romanian
48%
0.4 Indonesian
45%
0.7 Czech
42%
No matching quizzes found
Score Distribution
Percent of People with Each Score
Percentile by Number Answered
Your Score History
You have not taken this quiz